| 000 | 00395nam a22001217a 4500 | ||
|---|---|---|---|
| 008 | 230606b xxu||||| |||| 00| 0 eng d | ||
| 082 |
_a361.16762 _bOMW |
||
| 245 |
_aTowards A Pro-Secretariat Approach To Water Service Delivery In Kenya _cKenya Episcopal Conference |
||
| 260 |
_aNairobi _bKenya Episcopal Conference _c2011 |
||
| 300 | _a28 p | ||
| 710 | _bKenya Episcopal Conference | ||
| 942 |
_2ddc _cBK |
||
| 999 |
_c628 _d628 |
||